000
00375nam a22001577a 4500
003
MPLRDC
005
20220104125320.0
008
210129b ||||| |||| 00| 0 eng d
082
_a
857.9 DFYa-41 v.2
100
_a
东方玉
245
_a
龙虎情仇. 中
_c
260
_a
_b
四维出版社
_c
300
_b
平
650
_a
武侠小说
942
_c
BK
_o
857.9 DFYa-41 v.2
999
_c
26390
_d
26380